| 000 | 00405 a2200169 4500 | ||
|---|---|---|---|
| 001 | 74212 | ||
| 020 | _a978850804356-9 | ||
| 040 | _cAnchieta - Colégio São Paulo | ||
| 100 | _aSabini, Maria Aparecida Cória | ||
| 240 | 1 | 0 |
_aPsicologia do desenvolvimento _lpor |
| 245 | 1 | 0 | _aPsicologia do desenvolvimento |
| 300 | _a107 | ||
| 362 | 0 | _a1997 | |
| 440 | 1 | _aÁtica | |
| 650 | 4 | _aEducação | |
| 942 | _cBK | ||
| 999 |
_c74212 _d74212 |
||